Public speaking : Strategies for success

The content of this book deals with two concepts critical thinking and strategic planning. These twin concepts are applied throughout this book and represent a contemporary treatment of the classical idea or rhetorical invention. The book offers a strategic perspective that should lead students to b...

全面介绍

Đã lưu trong:
书目详细资料
主要作者: Zarefsky, David
格式: 图书
语言:Undetermined
出版: Needham Heights, Maine Simon and Schuster 1996
主题:
标签: 添加标签
没有标签, 成为第一个标记此记录!
Thư viện lưu trữ: Trung tâm Học liệu Trường Đại học Cần Thơ
LEADER 01025nam a2200205Ia 4500
001 CTU_40739
008 210402s9999 xx 000 0 und d
082 |a 808.51 
082 |b Z36 
100 |a Zarefsky, David 
245 0 |a Public speaking : 
245 0 |b Strategies for success 
245 0 |c David Zarefsky 
260 |a Needham Heights, Maine 
260 |b Simon and Schuster 
260 |c 1996 
520 |a The content of this book deals with two concepts critical thinking and strategic planning. These twin concepts are applied throughout this book and represent a contemporary treatment of the classical idea or rhetorical invention. The book offers a strategic perspective that should lead students to become more successful public speakers. Additionally, the art of public speaking provides many of strategies for students to succeed in many different walks of life. 
650 |a Public speaking,Nói trước công chúng 
904 |i Minh 
980 |a Trung tâm Học liệu Trường Đại học Cần Thơ